Langues les plus parlées du Monde - Statistiques

Statistiques générales
  • Ce quiz a été pris 1 648 fois
    1 338 depuis la dernière actualisation
  • Le résultat moyen est 17 sur 32
Statistiques - réponses
Nombre de Locuteurs Pays Principal Langue % Correct
1452 M États-Unis Anglais
100%
274,1 M France Français
99%
548,3 M Mexique Espagnol
95%
74,8 M Égypte Arabe Égyptien
94%
1118 M Chine Mandarin
92%
258,2 M Russie Russe
92%
134,6 M Allemagne Allemand
90%
274 M Égypte Arabe
90%
125,4 M Japon Japonais
90%
257,7 M Brésil Portugais
89%
67,9 M Italie Italien
85%
88,1 M Turquie Turc
85%
81,7 M Corée du Sud Coréen
80%
60,7 M Thaïlande Thaï
72%
77,4 M Iran Persan
62%
85,3 M Viêt Nam Vietnamien
61%
602,2 M Inde Hindi
58%
199 M Indonésie Indonésien
55%
272,7 M Bangladesh Bengali
46%
82,3 M Philippines Tagalog
42%
85,6 M Chine Cantonais
33%
86,4 M Inde Tamoul
23%
71,4 M Tanzanie Swahili
21%
231,3 M Inde Ourdou
19%
66,4 M Pakistan Pendjabi de l'Ouest
9%
81,8 M Chine Wu
9%
68,3 M Indonésie Javanais
8%
99,1 M Inde Marathi
7%
77,1 M Nigéria Haoussa
6%
95,7 M Inde Télougou
6%
62 M Inde Gujarati
5%
120,7 M Nigéria Pidgin nigérian
2%
Aucun quiz correspondant
Distribution des résultats
% des personnes avec chaque résultat
Percentile par nombre de réponses
Votre historique - résultats
Vous n’avez pas pris ce quiz depuis la dernière actualisation